| 000 | 00761nam a2200205 a 4500 | ||
|---|---|---|---|
| 003 | 0 | ||
| 005 | 20250411091639.0 | ||
| 008 | 060802s19uu xx 00 eng d | ||
| 050 |
_aPHS TP 1120.B56 _b.S38 2006 |
||
| 100 | _aSchuepp, Samantha Josephine R. | ||
| 245 |
_aA comparative study of biodegradable plastic produced from casein extracted from Carabao and goat milk / _cSamantha Josephine R. Schuepp. |
||
| 260 |
_aLas PiƱas City, Philippines : _bSouthville International School and Colleges, _c2006. |
||
| 300 |
_a33 pages : _billustrations ; _c28 cm. |
||
| 504 | _aIncludes bibliographical references. | ||
| 650 | _aBiodegradable plastics. | ||
| 650 |
_aGoats _vMilk. |
||
| 650 | _aCasein. | ||
| 650 |
_aPlastics _vBiodegradation. |
||
| 942 |
_2lcc _cPASS |
||
| 999 |
_c97662 _d97662 |
||